[Event "Valasska Bystrice op 13th"]
[Site "Valasska Bystrice"]
[Date "2022.09.12"]
[Round "4"]
[White "Martikanova, Amalie"]
[Black "Lapacek, Lubos"]
[Result "1-0"]
[WhiteElo "1186"]
[BlackElo "1379"]
[PlyCount "51"]
[EventDate "2022.09.10"]
[EventType "swiss"]
[EventRounds "9"]
[EventCountry "CZE"]
[SourceTitle "CBM 210 Extra"]
[Source "ChessBase"]
[SourceDate "2022.11.30"]
[SourceVersion "1"]
[SourceVersionDate "2022.11.30"]
[SourceQuality "1"]

1. e4 e5 2. f4 Nc6 3. Nf3 exf4 4. d4 Qe7 5. Nc3 g5 6. h4 g4 7. Nh2 g3 8. Nf3 h5 9. Bxf4 d6 10. Bxg3 Bg4 11. Bb5 Qd7 12. d5 Nge7 13. dxc6 Nxc6 14. Qd3 Bg7 15. 0-0-0 0-0-0 16. Nd5 Rhe8 17. Nb4 a6 18. Bxa6 Nxb4 19. Bxb7+ Kxb7 20. Qb3 c5 21. a3 Be6 22. c4 Kc7 23. Bxd6+ Kc6 24. Bb8 Qb7 25. Qa4+ Kb6 26. Qb5# 1-0